000 00274nam a2200097Ia 4500
001 1143152
005 20250827010150.0
008 250824s9999 xx 000 0 und d
245 0 _aGÜZEL YAZILAR ŞİİRLER Ü2 21
_cİSMAİL PARLATIR
260 _bTÜRK DİL KURUMU YAYINLARI
999 _c1143152
_d1143152